000 01167naa a22003257a 4500
001 BR9212490
003 BR-BrBNA
005 20240918181647.0
007 ta
008 230509b bl.||||| |||| 00| 0 por d
040 _aBR-BrBNA
_bpor
_cBiblioteca Nacional de Agricultura
041 _a(Pt)
072 _aN10
_b5300
_b4430
090 _aN10 BR9212490
100 1 _aNaas, I. de A.
100 1 _aLeal, P.A.M.
100 1 _aRocha, M.I.R. da
111 1 _a10. Congresso Brasileiro de Engenharia Agricola
_cCampinas, SP (Brazil)
_d13-16 Jul 1980
245 1 _aAnalise da resistencia do piso de concreto com agregado de poliestireno a dejetos de suinos
260 3 _aCampinas, SP (Brasil):
_c1980.
500 _aAnais do 10. Congresso Brasileiro de Engenharia Agricola Campinas, SP (Brasil): 1980. p. 91-101 (BR9212490-AM)N10
650 _aInstalacao Agricola
650 _aSuino
650 _aPiso de Concreto
650 _aSuinocultura
650 _aDejeto
773 0 _tAnais do 10. Congresso Brasileiro de Engenharia Agricola
_wN10 BR9212490
_gCampinas, SP (Brasil), 1980. p. 91-101
909 _a202404
_bLucia
_c55
_dLucia Elande
942 _cAM
_2AGRIS
999 _c326265
_d326265